Statistics for Serie A Starting XI's 2022/23

Click here to take the quiz!

General Stats

  • This quiz has been taken 118 times
  • The average score is 81 of 220

Answer Stats

HintAnswer% Correct
InternazionaleSTLautaro Martinez
93%
SSC NapoliGKAlex Meret
91%
InternazionaleSTRomelu Lukaku
91%
SSC NapoliSTVictor Osimhen
91%
JuventusSTDusan Vlahovic
90%
InternazionaleCMNicolo Barella
90%
InternazionaleGKSamir Handanovic
88%
InternazionaleCBAlessandro Bastoni
87%
AC MilanGKMike Maignan
87%
Spezia CalcioCMSimone Bastoni
87%
JuventusLBAlex Sandro
85%
SSC NapoliLBMario Rui
85%
InternazionaleCBMilan Skriniar
85%
JuventusRBDanilo
84%
Atalanta BCSTDuvan Zapata
84%
JuventusCBLeonardo Bonucci
84%
AC MilanSTOlivier Giroud
84%
AC MilanLMRafael Leao
84%
InternazionaleCBStefan de Vrij
84%
AC MilanLBTheo Hernandez
84%
AC MilanCBFikayo Tomori
82%
SSC NapoliRBGiovanni di Lorenzo
82%
SSC NapoliAMPiotr Zielinski
82%
InternazionaleRMDenzel Dumfries
81%
SSC NapoliLWKhvicha Kvaratskhelia
81%
JuventusGKWojciech Szczesny
81%
InternazionaleDMMarcelo Brozovic
79%
AC MilanDMSandro Tonali
79%
InternazionaleCMHakan Calhanoglu
78%
SSC NapoliCBMin-jae Kim
78%
AS RomaSTPaulo Dybala
76%
LazioZMSergej Milinkovic-Savic
76%
FC TorinoGKVanja Milinkovic-Savic
76%
SSC NapoliDMStanislav Lobotka
75%
AC MilanRBDavide Calabria
74%
SSC NapoliRWHirving Lozano
74%
SSC NapoliDMAndre Zambo Anguissa
72%
AC MilanCBPierre Kalulu
72%
AS RomaSTTammy Abraham
72%
JuventusSTArkadiusz Milik
71%
US SalernitanaSTBoulaye Dia
71%
AS RomaCBChris Smalling
69%
US SassuoloRWDomenico Berardi
69%
AS RomaAMLorenzo Pellegrini
69%
JuventusCBBremer
68%
AS RomaGKRui Patricio
68%
JuventusRMJuan Cuadrado
66%
LazioCBAlessio Romagnoli
65%
Atalanta BCCMMarten de Roon
65%
JuventusCMManuel Locatelli
63%
AC MilanDMIsmael Bennacer
62%
LazioCMLuis Alberto
62%
LazioCBPatric
62%
JuventusLMFilip Kostic
60%
SSC NapoliCBAmir Rrahmani
57%
Atalanta BCGKJuan Musso
57%
InternazionaleLMMatteo Darmian
57%
US SassuoloGKAndrea Consigli
56%
LazioRWFelipe Anderson
56%
AS RomaLMLeonardo Spinazzola
56%
AS RomaCBGianluca Mancini
54%
US LecceCMJoan Gonzalez
54%
AS RomaDMBryan Cristante
53%
Atalanta BCCBRafael Toloi
53%
AC FiorentinaCMGiacomo Bonaventura
51%
AC FiorentinaGKPietro Terracciano
51%
LazioGKIvan Provedel
50%
FC BolognaSTMarko Arnautovic
50%
AC FiorentinaCBNikola Milenkovic
50%
Atalanta BCCMTeun Koopmeiners
50%
Atalanta BCAMAdemola Lookman
49%
Atalanta BCRMHans Hateboer
49%
LazioLWMattia Zaccagni
49%
AS RomaCBRoger Ibanez
49%
Udinese CalcioSTBeto
47%
AC FiorentinaSTLuka Jovic
47%
AC MonzaCBPablo Mari
47%
FC EmpoliGKGuglielmo Vicario
46%
FC BolognaGKLukasz Skorupski
46%
JuventusCMWeston McKennie
46%
AC MilanAMCharles de Ketelaere
44%
AC FiorentinaLBCristiano Biraghi
44%
Udinese CalcioSTGerard Deulofeu
44%
LazioRBManuel Lazzari
43%
Udinese CalcioRMRoberto Pereyra
41%
AC FiorentinaCMSofyan Amrabat
41%
US SalernitanaRMAntonio Candreva
40%
SampdoriaSTFrancesco Caputo
40%
AC MilanRMJunior Messias
40%
AC FiorentinaCBLucas Martinez Quarta
40%
AS RomaDMNemanja Matic
40%
Udinese CalcioGKMarco Silvestri
38%
AS RomaRMRick Karsdorp
38%
US SassuoloDMMaxime Lopez
37%
Atalanta BCCBMerih Demiral
37%
FC TorinoSTAntonio Sanabria
35%
AC FiorentinaRBDodo
35%
Hellas VeronaCMIvan Ilic
35%
AC MonzaCMMatteo Pessina
35%
SampdoriaCBAlex Ferrari
34%
US SassuoloSTAndrea Pinamonti
34%
AC FiorentinaRWChristian Kouame
34%
US SassuoloCMDavide Frattesi
34%
US SassuoloCBGian Marco Ferrari
34%
LazioLBAdam Marusic
32%
AC MonzaSTAndrea Petagna
32%
AC MonzaGKMichele di Gregorio
32%
FC TorinoCBRicardo Rodriguez
32%
AC FiorentinaCMAntonin Barak
31%
LazioDMDanilo Cataldi
29%
Spezia CalcioSTM'Bala Nzola
29%
SampdoriaGKEmil Audero
26%
FC EmpoliLBFabiano Parisi
26%
US LecceRWGabriel Strefezza
26%
Hellas VeronaGKLorenzo Montipo
26%
FC BolognaCMNicolas Dominguez
26%
Spezia CalcioGKBartlomiej Dragowski
25%
US CremoneseGKIonut Radu
25%
US SalernitanaGKLuigi Sepe
24%
FC BolognaSTMusa Barrow
24%
FC BolognaAMRoberto Soriano
24%
AC MonzaCMStefano Sensi
24%
US LecceGKWladimiro Falcone
24%
US SalernitanaCBFederico Fazio
22%
FC BolognaCBGary Medel
22%
FC TorinoAMNikola Vlasic
22%
Atalanta BCCBCaleb Okoli
21%
US CremoneseSTCyriel Dessers
21%
US CremoneseSTDavid Okereke
21%
Udinese CalcioLMDestiny Udogie
21%
Udinese CalcioCBRodrigo Becao
21%
FC TorinoCBAlessandro Buongiorno
19%
US LecceSTAssan Ceesay
19%
US SalernitanaSTFederico Bonazzoli
19%
US SassuoloRBJeremy Toljan
19%
Udinese CalcioCBNehuen Perez
19%
AC FiorentinaLWRiccardo Sottil
19%
Atalanta BCLMBrandon Soppy
18%
AC MonzaLMCarlos Augusto
18%
Hellas VeronaRMDavide Faraoni
18%
AC MonzaSTGianluca Caprari
18%
US LecceCMMorten Hjulmand
18%
FC TorinoAMNemanja Radonjic
18%
FC EmpoliCBSebastiano Luperto
18%
Udinese CalcioCBBram Nuytinck
16%
FC BolognaCBJhon Lucumi
16%
Hellas VeronaSTKevin Lasagna
16%
FC EmpoliSTMartin Satriano
16%
US SassuoloLBRogerio
16%
FC TorinoCMSasa Lukic
16%
FC BolognaCBStefan Posch
16%
FC BolognaLMAndrea Cambiaso
15%
US LecceLBAntonio Gallo
15%
FC BolognaCMJerdy Schouten
15%
US LecceLWLameck Banda
15%
Atalanta BCAMRuslan Malinovskyi
15%
Udinese CalcioAMSandi Lovric
15%
FC TorinoRMStephane Singo
15%
Hellas VeronaSTThomas Henry
15%
SampdoriaLBTommaso Augello
15%
Hellas VeronaCMAdrien Tameze
13%
Hellas VeronaLMDarko Lazovic
13%
Spezia CalcioSTEmmanuel Gyasi
13%
FC EmpoliCMFilippo Bandinelli
13%
FC TorinoCMKarol Linetty
13%
FC EmpoliOMMarko Pjaca
13%
FC TorinoLMOla Aina
13%
FC EmpoliRBPetar Stojanovic
13%
SampdoriaCMTomas Rincon
13%
US CremoneseCBVlad Chiriches
13%
US SassuoloLWGeorgios Kyriakopoulos
12%
US SalernitanaCMGiulio Maggiore
12%
FC TorinoCBKoffi Djidji
12%
US SassuoloCMMatheus Henrique
12%
FC EmpoliCMRazvan Marin
12%
FC EmpoliSTSam Lammers
12%
Udinese CalcioCMWalace
12%
Spezia CalcioCBJakub Kiwior
10%
US SalernitanaCMLassana Coulibaly
10%
US SassuoloCBMartin Erlic
10%
FC EmpoliCMNicolas Haas
10%
US SalernitanaLMPasquale Mazzocchi
10%
Hellas VeronaCBPawel Dawidowicz
10%
US LecceRBValentin Gendrey
10%
US CremoneseLMEmmanuele Valeri
9%
SampdoriaLMFilip Djuricic
9%
AC MonzaDMNicolo Rovella
9%
AC MonzaRMSamuele Birindelli
9%
US CremoneseCMSoualliho Meite
9%
SampdoriaAMAbdelhamid Sabiri
7%
Spezia CalcioCBEthan Ampadu
7%
AC MonzaCBLuca Caldirola
7%
AC MonzaCBMarlon
7%
Spezia CalcioLMArkadiusz Reca
6%
SampdoriaRBBartosz Bereszynski
6%
US CremoneseCMCharles Pickel
6%
Hellas VeronaCBIsak Hien
6%
Udinese CalcioCMJean-Victor Makengo
6%
US LecceCBMarin Pongracic
6%
Spezia CalcioDMMehdi Bourabia
6%
SampdoriaCMRonaldo Vieira
6%
Spezia CalcioCMViktor Kovalenko
6%
FC EmpoliCBArdian Ismajli
4%
SampdoriaRMMehdi Leris
4%
US SalernitanaCMTonny Vilhena
4%
US LecceCBAlessandro Tuia
3%
US CremoneseCBEmanuel Aiwu
3%
US CremoneseCMGonzalo Escalante
3%
Hellas VeronaCBKoray Günter
3%
SampdoriaCBOmar Colley
3%
LazioSTCiro Immoblie
1%
FC BolognaRMDenso Kasius
1%
Spezia CalcioCBDimitrios Nikolaou
1%
US SalernitanaCBFlavius Daniliuc
1%
Spezia CalcioRMKelvin Amian
1%
US LecceCMKristijan Bistrovic
1%
US CremoneseCBLuka Lochoshvili
1%
Hellas VeronaDMMartin Hongla
1%
US CremoneseRMPaolo Ghiglione
1%
US SalernitanaCBDylan Bronn
0%

Score Distribution

Percentile by Number Answered

Percent of People with Each Score

Your Score History

You have not taken this quiz